000 00722cam a2200217 i 4500
999 _c11363
_d11363
003 OSt
005 20230315184938.0
008 141201t20152015nyua b 001 0 eng
010 _a 2014046286
020 _a9781616893323 (paperback : alk. paper)
042 _apcc
082 0 0 _a741.6
_223
100 1 _aLupton, Ellen,
_eauthor.
245 1 0 _aGraphic design :
_bthe new basics /
_cEllen Lupton and Jennifer Cole Phillips.
250 _aSecond edition, revised and expanded.
300 _a261 pages :
_billustrations (chiefly color) ;
_c23 cm
504 _aIncludes bibliographical references (pages 260-261) and index.
650 0 _aGraphic arts.
700 1 _aPhillips, Jennifer C.,
_d1960-
_eauthor.
942 _2ddc